| 000 | 00530nam a2200169 i 4500 | ||
|---|---|---|---|
| 001 | 115929 | ||
| 003 | ES-MaACL | ||
| 005 | 20230906190608.0 | ||
| 007 | t| | ||
| 008 | 061121s1916 xxu r ||||1| eng d | ||
| 245 | 0 | 4 |
_aThe Panama Canal an engineering treatise / _cunder the direction of George W. Goethals. |
| 260 |
_aNew York : _bMcGraw-Hill Book Company, _c1916. |
||
| 300 |
_a2 v. : _bil. ; _c24 cm. |
||
| 651 | 4 |
_aCanal de Panamá. _97941 |
|
| 700 | 0 |
_aGoethals, George Washington. _957567 |
|
| 852 |
_aES-MaACL _jB-12179-80 |
||
| 999 |
_c115929 _d115929 |
||